000
00307 a2200145 4500
001
179818
020
_a
040
_c
Magnum
100
_a
Salles, Ana Cecilia Silveira
240
1
0
_a
Construindo 2.000
_l
por
245
1
0
_a
Construindo 2.000
362
0
_a
1899
697
_a
MAGNITO: ENSINO
942
_c
BK
999
_c
179818
_d
179818